Россия - Индия: перспективы регионального сотрудничества (г. Омск) (Запись № 12035125)

Подробности
000 -МАРКЕР
контрольное поле 02178nam0a2200361 4500
001 - ИДЕНТИФИКАТОР ЗАПИСИ
контрольное поле RU\NLR\BIBL_A\011508989
005 - ИДЕНТИФИКАТОР ВЕРСИИ
контрольное поле 20260407134057.0
010 ## - МЕЖДУНАРОДНЫЙ СТАНДАРТНЫЙ НОМЕР КНИГИ (ISBN)
Номер (ISBN) 5-89282-068-8
Тираж 200
035 ## - ДРУГИЕ СИСТЕМНЫЕ НОМЕРА
Идентификатор записи (RuMoRGB)000745858
035 ## - ДРУГИЕ СИСТЕМНЫЕ НОМЕРА
Идентификатор записи (RuMoRGB)KNO-0207647
035 ## - ДРУГИЕ СИСТЕМНЫЕ НОМЕРА
Идентификатор записи (NLR Aleph) 011508989
100 ## - ДАННЫЕ ОБЩЕЙ ОБРАБОТКИ
Данные общей обработки 20171027d2001 |||y0rusy50 ca
101 0# - ЯЗЫК РЕСУРСА
Язык текста, звукозаписи и т.д. русский
102 ## - СТРАНА ПУБЛИКАЦИИ ИЛИ ПРОИЗВОДСТВА
Страна публикации Российская Федерация
105 ## - ПОЛЕ КОДИРОВАННЫХ ДАННЫХ: ТЕКСТОВЫЕ МАТЕРИАЛЫ, МОНОГРАФИЧЕСКИЕ
Кодированные данные о монографическом текстовом документе a z 100zy
200 1# - ЗАГЛАВИЕ И СВЕДЕНИЯ ОБ ОТВЕТСТВЕННОСТИ
Основное заглавие Россия - Индия: перспективы регионального сотрудничества (г. Омск)
Сведения, относящиеся к заглавию [материалы семинара (г. Омск, 4-5 сентября 2000 г.)]
Первые сведения об ответственности Российская академия наук, Институт востоковедения
Последующие сведения об ответственности [Редактор-составитель: Г.М. Кузнецова
-- ответственный редактор: В.П. Кашин]
210 ## - ПУБЛИКАЦИЯ, РАСПРОСТРАНЕНИЕ И ДР.
Место издания, распространения и т.д. Москва
Имя издателя, распространителя и т. д. Инcтитут востоковедения РАН
Дата издания, распространения и т.д. 2001
215 ## - ФИЗИЧЕСКАЯ ХАРАКТЕРИСТИКА
Специфическое обозначение материала и объем 73 с.
Другие сведения о физической характеристике табл.
Размеры 20
607 ## - ГЕОГРАФИЧЕСКОЕ НАИМЕНОВАНИЕ КАК ПРЕДМЕТ
Географическое наименование Российская Федерация
Формальный подзаголовок Съезды, совещания и т.п
Тематический подзаголовок Взаимоотношения
Географический подзаголовок Индия
Системный номер авторитетной/нормативной записи 2239583
Идентификатор авторитетной/нормативной записи RU\NLR\AUTH\661343924
607 ## - ГЕОГРАФИЧЕСКОЕ НАИМЕНОВАНИЕ КАК ПРЕДМЕТ
Географическое наименование Индия
Формальный подзаголовок Съезды, совещания и т.п
Тематический подзаголовок Взаимоотношения
Географический подзаголовок Российская Федерация
Системный номер авторитетной/нормативной записи 2239589
Идентификатор авторитетной/нормативной записи RU\NLR\AUTH\661343927
686 ## - ИНДЕКСЫ ДРУГИХ КЛАССИФИКАЦИЙ
Индекс Т3(2Р)64-643(5Ид)я431(2Р)
Код системы
686 ## - ИНДЕКСЫ ДРУГИХ КЛАССИФИКАЦИЙ
Индекс Т3(5Ид)64-64(2Р)я431(2Р)
Код системы
686 1# - ИНДЕКСЫ ДРУГИХ КЛАССИФИКАЦИЙ
Индекс Т3(2)74-64(5Ид)я431
686 1# - ИНДЕКСЫ ДРУГИХ КЛАССИФИКАЦИЙ
Индекс Т3(5Ид)63-64(2)я431
702 #1 - ИМЯ ЛИЦА - ВТОРИЧНАЯ ОТВЕТСТВЕННОСТЬ
Начальный элемент ввода Кашин
Часть имени, кроме начального элемента ввода В.П.
Расширение инициалов личного имени Валерий Петрович
Код отношения Редактор
702 #1 - ИМЯ ЛИЦА - ВТОРИЧНАЯ ОТВЕТСТВЕННОСТЬ
Код отношения Составитель
Графика поля Кириллица
Материалы, к которым относится поле rus
Начальный элемент ввода Кузнецова
Часть имени, кроме начального элемента ввода Г. М.
Дополнения к именам, кроме дат востоковед
Расширение инициалов личного имени Галина Михайловна
Системный номер авторитетной/нормативной записи 186271
Идентификатор авторитетной/нормативной записи RU\NLR\AUTH\770186322
711 12 - НАИМЕНОВАНИЕ ОРГАНИЗАЦИИ - АЛЬТЕРНАТИВНАЯ ОТВЕТСТВЕННОСТЬ
Начальный элемент ввода "Россия-Индия: перспективы регионального сотрудничества", семинар
Место проведения временной организации Омск
Дата проведения временной организации 2000
Системный номер авторитетной/нормативной записи 594495
Идентификатор авторитетной/нормативной записи RU\NLR\AUTH\880466148
712 02 - НАИМЕНОВАНИЕ ОРГАНИЗАЦИИ - ВТОРИЧНАЯ ОТВЕТСТВЕННОСТЬ
Код отношения Прочие
Начальный элемент ввода Институт востоковедения
Идентифицирующий признак Москва
Идентификатор авторитетной/нормативной записи RU\NLR\AUTH\8810000899
Системный номер авторитетной/нормативной записи 498968
942 ## - ДОПОЛНИТЕЛЬНЫЕ ЭЛЕМЕНТЫ ЗАПИСИ (АБИС)
Тип экземпляра АБИС Книга
980 ## - КОЛЛЕКЦИЯ
Название коллекции Национальная библиография
Экземпляры
Тип экземпляра Дата поступления Источник поступления Стоимость Библиотека постоянного хранения Библиотека текущего хранения Место хранения Шифр хранения Штрих-код Статус экземпляра
Книга 27.10.2017 Покупка 320.00 РНБ (Московский) РНБ (Московский) Русский книжный фонд: издания с 1957 года 2018-4/2223 1-2215213